[Event "32. Erlanger BSGW-Open"]
[Site "Erlangen/Eltersdorf"]
[Date "2014.04.12"]
[Round "3.13"]
[White "Wittmann, Helmut"]
[Black "Pohl, Steffen"]
[Result "0-1"]
[WhiteElo "2037"]
[BlackElo "1707"]
[PlyCount "52"]
[EventDate "2014.04.11"]
[WhiteTeam "BSG Wöhrlhaus Erlangen"]
[BlackTeam "SK Schwanstetten 79 e.V."]

1. d4 Nf6 2. Nf3 g6 3. Bg5 Bg7 4. Nbd2 d6 5. h3 c5 6. dxc5 dxc5 7. e4 O-O 8.
Bc4 Nc6 9. O-O Nd7 10. Qc1 Nde5 11. Bd5 Nxf3+ 12. Nxf3 Ne5 13. Nxe5 Bxe5 14. c3
Qc7 15. f4 Bg7 16. f5 gxf5 17. exf5 Qe5 18. Qd2 e6 19. f6 Qxd5 20. fxg7 Rd8 21.
Qf2 Rd7 22. Bh6 b6 23. Qxf7+ Rxf7 24. Rxf7 Kxf7 25. Rf1+ Qf5 26. Rd1 Qf6 0-1

[Event "32. Erlanger BSGW-Open"]
[Site "Erlangen/Eltersdorf"]
[Date "2014.04.12"]
[Round "3.14"]
[White "Beskardesler, Faruk"]
[Black "Lodes, Hermann"]
[Result "0-1"]
[WhiteElo "1718"]
[BlackElo "2077"]
[PlyCount "46"]
[EventDate "2014.04.11"]
[WhiteTeam "BSG Wöhrlhaus Erlangen"]

1. e4 c6 2. Nc3 g6 3. d4 d5 4. exd5 cxd5 5. Bf4 Bg7 6. Nf3 Nf6 7. Be2 O-O 8. h4
Bg4 9. Ne5 Bxe2 10. Nxe2 Nh5 11. Bh2 Bxe5 12. dxe5 Nc6 13. g4 Ng7 14. Qd2 e6
15. Bf4 f6 16. exf6 Qxf6 17. O-O-O h5 18. Rdg1 Rf7 19. Be3 Kh7 20. Nf4 d4 21.
Nxh5 gxh5 22. g5 dxe3 23. Qxe3 Qg6 0-1

[Event "32. Erlanger BSGW-Open"]
[Site "Erlangen/Eltersdorf"]
[Date "2014.04.12"]
[Round "3.15"]
[White "Full, Jochen"]
[Black "Ammon, Tobias"]
[Result "0-1"]
[WhiteElo "1884"]
[BlackElo "2086"]
[PlyCount "46"]
[EventDate "2014.04.11"]
[BlackTeam "SV Altensittenbach"]

1. Nf3 d5 2. g3 Nf6 3. Bg2 c6 4. O-O Bf5 5. d3 e6 6. c3 Nbd7 7. Bg5 h6 8. Bxf6
Nxf6 9. Nbd2 Be7 10. Re1 O-O 11. e4 Bg6 12. e5 Nd7 13. d4 c5 14. Nf1 cxd4 15.
cxd4 Qb6 16. Qb3 Qxb3 17. axb3 Nb8 18. N1d2 Nc6 19. Rac1 Bb4 20. Red1 Rfc8 21.
Bf1 a6 22. Nb1 Na5 23. Nbd2 Bc2 0-1

[Event "32. Erlanger BSGW-Open"]
[Site "Erlangen/Eltersdorf"]
[Date "2014.04.12"]
[Round "3.16"]
[White "Bossov, Ahmed"]
[Black "Löllmann, Heinrich"]
[Result "1/2-1/2"]
[WhiteElo "2051"]
[BlackElo "1770"]
[PlyCount "82"]
[EventDate "2014.04.11"]
[WhiteTeam "TSV Solln Schachabteilung"]
[BlackTeam "BSG Wöhrlhaus Erlangen"]

1. e4 e6 2. d4 d5 3. Nd2 c5 4. exd5 Qxd5 5. Ngf3 Nc6 6. Bc4 Qd8 7. Nb3 cxd4 8.
O-O Nf6 9. Nbxd4 Nxd4 10. Nxd4 a6 11. a4 Be7 12. c3 O-O 13. Qf3 Qc7 14. b3 Bd7
15. Re1 Bd6 16. h3 e5 17. Nc2 Bc6 18. Qf5 b5 19. Bf1 bxa4 20. bxa4 Qb7 21. f3
e4 22. Bg5 Nd5 23. fxe4 Nxc3 24. Bd3 Bd7 25. Qa5 Qc7 26. Qxc7 Bxc7 27. a5 Bb5
28. Bxb5 Nxb5 29. Nb4 f6 30. Be3 Be5 31. Rab1 Nc3 32. Rb3 Nxe4 33. Bb6 Nd6 34.
Nc6 Nc4 35. Rd1 Rfe8 36. Kf2 Re6 37. Nd8 Rd6 38. Rxd6 Bxd6 39. Nc6 Rc8 40. Na7
Ra8 41. Nc6 Rc8 1/2-1/2

[Event "32. Erlanger BSGW-Open"]
[Site "Erlangen/Eltersdorf"]
[Date "2014.04.12"]
[Round "3.17"]
[White "Sroka, Dirk"]
[Black "Bartsch, Rüdiger"]
[Result "1-0"]
[WhiteElo "2044"]
[BlackElo "1424"]
[PlyCount "26"]
[EventDate "2014.04.11"]
[WhiteTeam "SC 1934 Gelnhausen"]
[BlackTeam "SC Ortenburg 1894 e.V."]

1. c4 Nf6 2. g3 c6 3. Bg2 d5 4. Nf3 Bf5 5. cxd5 cxd5 6. Qb3 Qb6 7. Qxb6 axb6 8.
Nc3 Nc6 9. d3 e5 10. Bd2 Be6 11. O-O Bb4 12. a3 e4 13. axb4 exf3 1-0

[Event "32. Erlanger BSGW-Open"]
[Site "Erlangen/Eltersdorf"]
[Date "2014.04.12"]
[Round "3.18"]
[White "Behnke, Michael"]
[Black "Killmann, Martin"]
[Result "0-1"]
[WhiteElo "1664"]
[BlackElo "1971"]
[PlyCount "132"]
[EventDate "2014.04.11"]
[WhiteTeam "SK Helmbrechts"]
[BlackTeam "SC Forchheim e.V."]

1. d4 d5 2. Nf3 Nf6 3. c4 dxc4 4. Nc3 c6 5. a4 Bf5 6. e3 e6 7. Bxc4 Bb4 8. O-O
O-O 9. h3 Ne4 10. Nxe4 Bxe4 11. Bd3 Qd5 12. Bxe4 Qxe4 13. Bd2 Be7 14. Rc1 Nd7
15. b4 Rac8 16. Qe2 Nb6 17. a5 Nd5 18. Qc4 a6 19. Ne5 Rfd8 20. Nd3 Qg6 21. Nc5
Rc7 22. Rfe1 Nf6 23. Qc2 Ne8 24. Qxg6 hxg6 25. Bc3 Nd6 26. Bb2 Nb5 27. Red1
Bxc5 28. dxc5 Rcd7 29. Rxd7 Rxd7 30. Rc2 Rd1+ 31. Kh2 f6 32. Kg3 Nc7 33. e4
Rd3+ 34. f3 Kf7 35. Kf2 Nb5 36. Bc1 Ke7 37. Rb2 e5 38. Ke2 Rc3 39. Bd2 Nd4+ 40.
Kf2 Rd3 41. Be3 g5 42. Bxd4 exd4 43. Ke2 Re3+ 44. Kd2 Ke6 45. Rc2 Ke5 46. Rb2
g6 47. Kd1 d3 48. Rf2 Kd4 49. Kd2 f5 50. exf5 gxf5 51. g3 Re7 52. h4 gxh4 53.
gxh4 Kc4 54. h5 Kxb4 55. Kxd3 Kxc5 56. Rg2 Kd5 57. h6 Rh7 58. Rg6 Ke5 59. Kc4
Kf4 60. Kc5 Kxf3 61. Kb6 f4 62. Rg7 Rxh6 63. Kxb7 c5 64. Rc7 Kg2 65. Rxc5 f3
66. Rg5+ Kf1 0-1

[Event "32. Erlanger BSGW-Open"]
[Site "Erlangen/Eltersdorf"]
[Date "2014.04.12"]
[Round "3.19"]
[White "Wieczorek, Heinz"]
[Black "Süß, Stefan"]
[Result "1/2-1/2"]
[WhiteElo "1678"]
[BlackElo "1957"]
[PlyCount "119"]
[EventDate "2014.04.11"]
[WhiteTeam "SW Nürnberg Süd e.V."]
[BlackTeam "SC Noris-Tarrasch Nürnberg 1873"]

1. e4 e6 2. d4 d5 3. Nc3 Nf6 4. Qd3 dxe4 5. Nxe4 Nbd7 6. Nf3 Be7 7. Bf4 b6 8.
Be2 O-O 9. h4 Bb7 10. Ng3 Re8 11. Bg5 c5 12. O-O-O cxd4 13. Bxf6 Nxf6 14. Nxd4
e5 15. Nb5 Qxd3 16. Rxd3 Red8 17. f3 Nd5 18. Nf5 Bf6 19. Rhd1 Nf4 20. Rxd8+
Rxd8 21. Rxd8+ Bxd8 22. Bf1 a5 23. Nbd6 Bd5 24. g3 Nh5 25. Bc4 Bxc4 26. Nxc4 g6
27. Nfd6 Nxg3 28. Nxe5 Bxh4 29. Ndxf7 Bf6 30. Kd2 h5 31. Ke3 Kg7 32. f4 Nf5+
33. Ke4 h4 34. Ng5 Nd6+ 35. Kd5 Bxg5 36. fxg5 h3 37. Ng4 Nf7 38. Ke4 Nxg5+ 39.
Kf4 Ne6+ 40. Kg3 Nd4 41. Ne3 Nf5+ 42. Nxf5+ gxf5 43. Kxh3 Kf6 44. Kg3 Ke5 45.
Kf3 b5 46. c3 a4 47. Ke3 f4+ 48. Kf3 Kf5 49. b3 Ke5 50. bxa4 bxa4 51. a3 Kd5
52. Kxf4 Kc4 53. Ke3 Kxc3 54. Ke2 Kb3 55. Kd2 Kxa3 56. Kc3 Ka2 57. Kc2 a3 58.
Kc1 Ka1 59. Kc2 a2 60. Kc1 1/2-1/2

[Event "32. Erlanger BSGW-Open"]
[Site "Erlangen/Eltersdorf"]
[Date "2014.04.12"]
[Round "3.20"]
[White "Lottring, Dieter"]
[Black "Pikal, Alexander"]
[Result "1/2-1/2"]
[WhiteElo "1645"]
[BlackElo "1957"]
[PlyCount "60"]
[EventDate "2014.04.11"]
[WhiteTeam "SK Schwabach 1907 e.V."]
[BlackTeam "SC Ansbach 1855 e.V."]

1. d4 f5 2. Nf3 Nf6 3. b3 e6 4. Bb2 b6 5. g3 Bb7 6. Bg2 Bb4+ 7. Nbd2 Ne4 8. O-O
Nxd2 9. Nxd2 Bxg2 10. Kxg2 O-O 11. a3 Be7 12. Nf3 Bf6 13. Rb1 d6 14. Qd3 Nd7
15. e3 Qe8 16. Rfd1 Qf7 17. Qc4 Rfc8 18. Qd3 g5 19. d5 g4 20. Ng1 Bxb2 21. Rxb2
e5 22. Ne2 Qh5 23. Rh1 Qh3+ 24. Kg1 e4 25. Qd1 Ne5 26. Nf4 Qh6 27. h3 Qg7 28.
Rb1 Nf3+ 29. Kg2 Kf7 30. hxg4 fxg4 1/2-1/2

[Event "32. Erlanger BSGW-Open"]
[Site "Erlangen/Eltersdorf"]
[Date "2014.04.13"]
[Round "4.1"]
[White "Schmidt, Alexander"]
[Black "Leidorf, Sebastian"]
[Result "1/2-1/2"]
[WhiteElo "2102"]
[BlackElo "2042"]
[PlyCount "115"]
[EventDate "2014.04.11"]
[WhiteTeam "SK Bad Sooden-Allendorf"]
[BlackTeam "SV Bergwinkel"]

1. e4 e6 2. d4 d5 3. Nd2 Nf6 4. Bd3 c5 5. e5 Nfd7 6. c3 Nc6 7. Ne2 cxd4 8. cxd4
f6 9. exf6 Nxf6 10. O-O Bd6 11. Nf3 O-O 12. Ng3 Qb6 13. a3 e5 14. dxe5 Nxe5 15.
Nxe5 Bxe5 16. Qe2 Re8 17. Qd2 Bd7 18. Qg5 Rad8 19. Rb1 a6 20. Be3 Bd4 21. Bf4
h6 22. Qh4 Ne4 23. Nxe4 dxe4 24. Bc4+ Be6 25. b3 Bxc4 26. bxc4 Qc6 27. Qg3 Rd7
28. Qb3 Bc5 29. a4 Ree7 30. Rbd1 Qb6 31. Qxb6 Bxb6 32. Rd5 Rxd5 33. cxd5 Rd7
34. Rd1 Kf7 35. Kf1 Kf6 36. Ke2 Kf5 37. Bg3 Bc5 38. h3 Bd6 39. Bxd6 Rxd6 40.
Ke3 Ke5 41. Rd4 b5 42. axb5 axb5 43. g4 Rxd5 44. Rxe4+ Kd6 45. f4 Rd1 46. Kf2
Rd3 47. h4 Ra3 48. f5 Ra7 49. Ke3 Kc5 50. Kd3 Ra3+ 51. Kc2 Rg3 52. Rf4 b4 53.
f6 gxf6 54. Rxf6 Rxg4 55. Rxh6 Rg2+ 56. Kb3 Rg3+ 57. Kb2 Rh3 58. Rh8 1/2-1/2

[Event "32. Erlanger BSGW-Open"]
[Site "Erlangen/Eltersdorf"]
[Date "2014.04.13"]
[Round "4.2"]
[White "Minor, Viatcheslav"]
[Black "Martin Fernandez, Rodrigo"]
[Result "1-0"]
[WhiteElo "1983"]
[BlackElo "2096"]
[PlyCount "71"]
[EventDate "2014.04.11"]
[WhiteTeam "SV Wartburgstadt Eisenach"]
[BlackTeam "SC Erlangen 48/88 e.V."]

1. e4 c5 2. c3 Nf6 3. e5 Nd5 4. d4 cxd4 5. Nf3 Nc6 6. Bc4 Nb6 7. Bb3 d5 8. exd6
Qxd6 9. O-O Be6 10. Bxe6 Qxe6 11. Nxd4 Nxd4 12. Qxd4 Rd8 13. Qh4 Qe2 14. Nd2 e6
15. Qg3 Nd5 16. Nf3 Nf6 17. Be3 Be7 18. Rfe1 Qa6 19. Qxg7 Rg8 20. Qh6 Rg6 21.
Qh3 Rd5 22. Nd4 Ra5 23. a3 Qc4 24. Bf4 Nd5 25. Be5 h6 26. Qf3 Qc8 27. Rad1 Rc5
28. Qe4 Rc4 29. Rd3 Nf6 30. Qe2 Ng4 31. Bg3 Rc5 32. f4 Rg7 33. h3 Nf6 34. f5 e5
35. Bxe5 Kf8 36. Re3 1-0

[Event "32. Erlanger BSGW-Open"]
[Site "Erlangen/Eltersdorf"]
[Date "2014.04.13"]
[Round "4.3"]
[White "Thier, Jürgen"]
[Black "Hagenbach, Udo"]
[Result "1/2-1/2"]
[WhiteElo "2063"]
[BlackElo "1934"]
[PlyCount "67"]
[EventDate "2014.04.11"]
[WhiteTeam "SF Heidelberg"]
[BlackTeam "SV Bergwinkel"]

1. e4 c6 2. c4 d5 3. exd5 cxd5 4. d4 Nc6 5. Nc3 Nf6 6. Bg5 Be6 7. c5 Bf5 8. Nf3
e6 9. Bb5 Qc7 10. O-O Be7 11. Ne5 O-O 12. Bxc6 bxc6 13. Qa4 Rfc8 14. b4 a6 15.
Qd1 Qb7 16. Na4 Bd8 17. g4 Bg6 18. f3 a5 19. bxa5 Bxa5 20. Rf2 Nd7 21. Rb2 Qa7
22. Nxd7 Qxd7 23. Bf4 Ra6 24. Nb6 Qb7 25. Nxc8 Qxb2 26. Ne7+ Kf8 27. Nxg6+ hxg6
28. Rb1 Qxa2 29. Bd6+ Ke8 30. Qf1 Bd8 31. Rb7 Ra7 32. Rb8 Ra8 33. Rb7 Ra7 34.
Rb8 1/2-1/2

[Event "32. Erlanger BSGW-Open"]
[Site "Erlangen/Eltersdorf"]
[Date "2014.04.13"]
[Round "4.4"]
[White "Kirch, Florian"]
[Black "Corral, Carlos"]
[Result "1/2-1/2"]
[WhiteElo "2054"]
[BlackElo "1902"]
[PlyCount "103"]
[EventDate "2014.04.11"]
[WhiteTeam "SV Bubenreuth e.V."]
[BlackTeam "SC Noris-Tarrasch Nürnberg 1873"]

1. d4 Nf6 2. c4 c5 3. d5 d6 4. Nc3 e6 5. e4 exd5 6. cxd5 g6 7. Nf3 a6 8. Bf4
Nbd7 9. Qa4 Rb8 10. e5 b5 11. Qc2 dxe5 12. Nxe5 Nxe5 13. Bxe5 Bd6 14. Bxd6 Qxd6
15. Qe2+ Kd8 16. O-O-O Bg4 17. f3 Re8 18. Qd2 b4 19. fxg4 bxc3 20. Qxc3 Nxg4
21. Re1 Rxe1+ 22. Qxe1 Qf4+ 23. Kb1 Qd4 24. b3 Nf2 25. Rg1 Nd1 26. Kc1 Qxg1 27.
Qxd1 Qxh2 28. Qf3 Qe5 29. Qxf7 Qa1+ 30. Kd2 Qxa2+ 31. Ke1 Qb1+ 32. Kd2 Qb2+ 33.
Ke1 Qe5+ 34. Kd2 Qe7 35. Qf3 Rb6 36. Bc4 Rf6 37. Qg3 Qd6 38. Qc3 Rf2+ 39. Kd1
Qf6 40. Qa5+ Ke8 41. Be2 Qb2 42. Qxa6 Qxe2+ 43. Qxe2+ Rxe2 44. Kxe2 Kd7 45. Kd3
Kd6 46. Ke4 h6 47. g3 h5 48. Kf4 Kxd5 49. Kg5 Kd4 50. Kxg6 Kc3 51. Kxh5 Kxb3
52. g4 1/2-1/2

[Event "32. Erlanger BSGW-Open"]
[Site "Erlangen/Eltersdorf"]
[Date "2014.04.13"]
[Round "4.5"]
[White "Eber, Fabian"]
[Black "Lange, Carsten"]
[Result "1-0"]
[WhiteElo "2047"]
[BlackElo "1883"]
[PlyCount "61"]
[EventDate "2014.04.11"]
[WhiteTeam "suche Verein!"]
[BlackTeam "SK Zirndorf e.V."]

1. e4 c5 2. Nf3 e6 3. c3 d5 4. exd5 Qxd5 5. Na3 Nf6 6. Nb5 Qd8 7. d3 a6 8. Na3
Nc6 9. Bf4 Bd6 10. Bxd6 Qxd6 11. Nc4 Qc7 12. a4 b6 13. d4 cxd4 14. Nxd4 O-O 15.
Nxc6 Qxc6 16. Qd4 Rb8 17. Ne5 Qc7 18. Rd1 Bb7 19. Qd6 Qc8 20. f3 Nd5 21. Nd7
Rd8 22. Qxb8 Qxd7 23. Qe5 Qe7 24. Be2 f6 25. Qg3 Ne3 26. Rxd8+ Qxd8 27. Kf2 Nd5
28. c4 Nb4 29. Rd1 Qe7 30. Qd6 Qf7 31. Qxb6 1-0

[Event "32. Erlanger BSGW-Open"]
[Site "Erlangen/Eltersdorf"]
[Date "2014.04.13"]
[Round "4.6"]
[White "Pohl, Steffen"]
[Black "Eiber, Manfred"]
[Result "0-1"]
[WhiteElo "1707"]
[BlackElo "2081"]
[PlyCount "88"]
[EventDate "2014.04.11"]
[WhiteTeam "SK Schwanstetten 79 e.V."]
[BlackTeam "SW Nürnberg Süd e.V."]

1. e4 Nc6 2. d4 e5 3. Nf3 exd4 4. Nxd4 Bc5 5. Nxc6 Qf6 6. Qf3 Qxf3 7. gxf3 bxc6
8. Rg1 g6 9. Be3 Bxe3 10. fxe3 Rb8 11. b3 d6 12. Bc4 Be6 13. Bxe6 fxe6 14. c4
Nf6 15. Nc3 Nd7 16. Ke2 Rf8 17. Rad1 Ke7 18. h4 Rf6 19. Rg3 Rbf8 20. Nb1 a5 21.
Nd2 c5 22. Rh1 h6 23. Rhg1 Kf7 24. f4 e5 25. h5 exf4 26. hxg6+ Kg7 27. exf4
Rxf4 28. Ke3 Ne5 29. R1g2 R8f6 30. a3 Rf8 31. Rh2 Ng4+ 32. Rxg4 Rxg4 33. Rh3
Re8 34. Rf3 Kxg6 35. Rf4 Rxf4 36. Kxf4 h5 37. Nf3 Rf8+ 38. Kg3 Rxf3+ 39. Kxf3
Kg5 40. Kg3 h4+ 41. Kh3 Kh5 42. Kg2 Kg4 43. Kh2 h3 44. a4 Kh4 0-1

[Event "32. Erlanger BSGW-Open"]
[Site "Erlangen/Eltersdorf"]
[Date "2014.04.13"]
[Round "4.7"]
[White "Ammon, Tobias"]
[Black "Killmann, Martin"]
[Result "1/2-1/2"]
[WhiteElo "2086"]
[BlackElo "1971"]
[PlyCount "61"]
[EventDate "2014.04.11"]
[WhiteTeam "SV Altensittenbach"]
[BlackTeam "SC Forchheim e.V."]

1. e4 e6 2. d4 d5 3. Nc3 Nf6 4. Bg5 Bb4 5. exd5 Qxd5 6. Bxf6 Bxc3+ 7. bxc3 gxf6
8. Qg4 Kf8 9. Qf4 Qa5 10. Kd2 Ke7 11. Bd3 Bd7 12. Nf3 Bc6 13. Rhe1 Nd7 14. Nh4
Rag8 15. Nf5+ Kd8 16. Ne3 h5 17. f3 Qg5 18. Qxg5 Rxg5 19. h4 Rg7 20. Ke2 Nb6
21. Kf2 f5 22. c4 Rhg8 23. Rg1 f4 24. Nd1 Na4 25. Rb1 Rg3 26. Be2 Ke7 27. Rb3
f6 28. Nb2 Nxb2 29. Rxb2 b6 30. a3 Kd6 31. c3 1/2-1/2

[Event "32. Erlanger BSGW-Open"]
[Site "Erlangen/Eltersdorf"]
[Date "2014.04.13"]
[Round "4.8"]
[White "Lodes, Hermann"]
[Black "Adelhütte, Dennis"]
[Result "1-0"]
[WhiteElo "2077"]
[BlackElo "1878"]
[PlyCount "115"]
[EventDate "2014.04.11"]
[BlackTeam "SC Erlangen 48/88 e.V."]

1. d4 e6 2. g3 d5 3. Bg2 Nf6 4. c4 c6 5. Qc2 Bd7 6. Nf3 Bd6 7. Nbd2 h6 8. O-O
Na6 9. e4 dxe4 10. Nxe4 Be7 11. Bf4 Nxe4 12. Qxe4 O-O 13. a3 Rc8 14. b4 Nc7 15.
Rfb1 b5 16. Bxc7 Qxc7 17. Rc1 Qd8 18. Ne5 Be8 19. Rc2 a5 20. bxa5 Qxa5 21. cxb5
Qxb5 22. Ng6 fxg6 23. Qxe6+ Bf7 24. Qxe7 Qd3 25. Qe4 Qb3 26. Rxc6 Qb2 27. Qb1
Qxd4 28. Rxc8 Rxc8 29. Qd1 Qe5 30. a4 Kh7 31. a5 Rc7 32. a6 Ra7 33. Bb7 Bc4 34.
Qa4 Bd3 35. Qa5 Qd4 36. Rd1 Qc4 37. Qb6 Rxa6 38. Bxa6 Qxa6 39. Qxa6 Bxa6 40. f4
Bc8 41. Kf2 Bg4 42. Rd8 g5 43. fxg5 hxg5 44. Rd6 g6 45. Ra6 Bf5 46. Ra7+ Kh6
47. Kf3 Bc2 48. Ra6 Bd1+ 49. Ke3 Bc2 50. Kd4 Bf5 51. Ke5 Kh5 52. Ra4 g4 53. Kf6
Kh6 54. Ra5 Bd7 55. Rg5 Bf5 56. Rxf5 gxf5 57. Kxf5 Kh5 58. Kf4 1-0

[Event "32. Erlanger BSGW-Open"]
[Site "Erlangen/Eltersdorf"]
[Date "2014.04.13"]
[Round "4.9"]
[White "Lais, Thomas"]
[Black "Sroka, Dirk"]
[Result "0-1"]
[WhiteElo "1889"]
[BlackElo "2044"]
[PlyCount "98"]
[EventDate "2014.04.11"]
[WhiteTeam "SW Nürnberg Süd e.V."]
[BlackTeam "SC 1934 Gelnhausen"]

1. e4 e6 2. d4 d5 3. Nc3 Nf6 4. Bg5 Bb4 5. e5 h6 6. Bd2 Bxc3 7. bxc3 Ne4 8. Qg4
Kf8 9. h4 c5 10. Rh3 Qa5 11. Bd3 Nxd2 12. Rg3 g6 13. Kxd2 cxd4 14. Qxd4 Nc6 15.
Qf4 d4 16. Bxg6 dxc3+ 17. Rxc3 Nxe5 18. Bd3 Bd7 19. a3 Ke7 20. Qb4+ Qxb4 21.
axb4 Bc6 22. Bf1 a6 23. f3 Ng6 24. g3 Rad8+ 25. Ke3 Ne5 26. Be2 Rhg8 27. g4 Rd7
28. Nh3 Ng6 29. h5 Ne5 30. Rg1 f6 31. f4 Nf7 32. Bxa6 e5 33. Bc4 Rgd8 34. Bxf7
Kxf7 35. fxe5 Re7 36. Rc5 Rde8 37. Kd2 Rxe5 38. Rxe5 Rxe5 39. Rg3 Re4 40. c3
Bb5 41. Ng1 Bd7 42. Ne2 Bxg4 43. Nd4 f5 44. Re3 Kf6 45. Nb3 Rxe3 46. Kxe3 Ke5
47. Nc5 f4+ 48. Kf2 b6 49. Nd3+ Ke4 0-1

[Event "32. Erlanger BSGW-Open"]
[Site "Erlangen/Eltersdorf"]
[Date "2014.04.13"]
[Round "4.10"]
[White "Bachstein, Dustin"]
[Black "Beck, Karl"]
[Result "1-0"]
[WhiteElo "2042"]
[BlackElo "1953"]
[PlyCount "65"]
[EventDate "2014.04.11"]
[WhiteTeam "SC Erlangen 48/88 e.V."]
[BlackTeam "SC Markt Berolzheim-Wettel"]

1. d4 Nf6 2. c4 e6 3. Nc3 Bb4 4. e3 O-O 5. Nge2 d5 6. a3 Be7 7. cxd5 exd5 8.
Nf4 c6 9. Bd3 Re8 10. O-O Nbd7 11. f3 Nf8 12. Bc2 Bd6 13. e4 dxe4 14. fxe4 Bc7
15. e5 Nd5 16. Nfxd5 cxd5 17. Qf3 Be6 18. Ba4 Bb6 19. Bxe8 Bxd4+ 20. Be3 Bxe3+
21. Qxe3 d4 22. Qf2 Qxe8 23. Qxd4 Rd8 24. Qe3 a6 25. Rad1 Rc8 26. Qd4 Bc4 27.
Rfe1 Bb3 28. Rd2 b5 29. Qb6 Bc4 30. Qb7 Rc5 31. Nd5 Nd7 32. Ne7+ Qxe7 33. Rxd7
1-0

[Event "32. Erlanger BSGW-Open"]
[Site "Erlangen/Eltersdorf"]
[Date "2014.04.13"]
[Round "4.11"]
[White "Klein, Waldemar"]
[Black "Walter, Thomas"]
[Result "0-1"]
[WhiteElo "1845"]
[BlackElo "2086"]
[PlyCount "60"]
[EventDate "2014.04.11"]
[WhiteTeam "SW Nürnberg Süd e.V."]
[BlackTeam "SC Erlangen 48/88 e.V."]

1. d4 e6 2. Nf3 f5 3. Bg5 Be7 4. Bxe7 Qxe7 5. c3 Nf6 6. e3 b6 7. Nbd2 Bb7 8.
Bd3 O-O 9. Qc2 d6 10. O-O-O Nbd7 11. h3 c5 12. e4 fxe4 13. Nxe4 d5 14. Nxf6+
Nxf6 15. Rhe1 c4 16. Be2 Ne4 17. Rf1 b5 18. Rde1 b4 19. Bxc4 bxc3 20. Bd3 cxb2+
21. Kxb2 Rfc8 22. Qa4 Bc6 23. Qa5 Rab8+ 24. Ka1 Rb4 25. Ne5 Rxd4 26. Bxe4 dxe4
27. Nxc6 Rxc6 28. Rc1 Qf6 29. Kb1 Rb6+ 30. Kc2 Rc4+ 0-1

[Event "32. Erlanger BSGW-Open"]
[Site "Erlangen/Eltersdorf"]
[Date "2014.04.13"]
[Round "4.67"]
[White "Walter, Stefanie"]
[Black "Homfeldt, Maren"]
[Result "1-0"]
[WhiteElo "1105"]
[BlackElo "919"]
[PlyCount "55"]
[EventDate "2014.04.11"]
[WhiteTeam "SV Lauf a.d.P."]
[BlackTeam "SC Noris-Tarrasch Nürnberg 1873"]

1. e4 g6 2. Nf3 h6 3. Bc4 e6 4. O-O Bg7 5. Nc3 a6 6. d4 Ne7 7. Bf4 d6 8. Qd3
Nd7 9. Rab1 b6 10. a4 Bb7 11. Rfe1 c6 12. Bxd6 b5 13. axb5 axb5 14. Bb3 Ba6 15.
Qe3 Nb6 16. Bxe7 Qxe7 17. d5 Qb7 18. dxe6 Nc4 19. Bxc4 bxc4 20. exf7+ Qxf7 21.
Ra1 O-O 22. e5 Qe6 23. Nd4 Qe7 24. Nxc6 Qc7 25. Qc5 Rfe8 26. Nd5 Rxe5 27. Nde7+
Rxe7 28. Nxe7+ 1-0

[Event "32. Erlanger BSGW-Open"]
[Site "Erlangen/Eltersdorf"]
[Date "2014.04.18"]
[Round "5.2"]
[White "Sroka, Dirk"]
[Black "Schmidt, Alexander"]
[Result "0-1"]
[WhiteElo "2044"]
[BlackElo "2102"]
[PlyCount "32"]
[EventDate "2014.04.11"]
[WhiteTeam "SC 1934 Gelnhausen"]
[BlackTeam "SK Bad Sooden-Allendorf"]

1. c4 e5 2. g3 Nc6 3. Nc3 Bc5 4. Bg2 d6 5. e3 a6 6. Nge2 Ba7 7. Nd5 Nge7 8. d3
O-O 9. Bd2 Bg4 10. f3 Bh5 11. Bc3 Rb8 12. Qd2 b5 13. b3 Nxd5 14. cxd5 Ne7 15.
Ba5 Qd7 16. Rc1 Rbc8 0-1

[Event "32. Erlanger BSGW-Open"]
[Site "Erlangen/Eltersdorf"]
[Date "2014.04.18"]
[Round "5.4"]
[White "Leidorf, Sebastian"]
[Black "Lodes, Hermann"]
[Result "1/2-1/2"]
[WhiteElo "2042"]
[BlackElo "2077"]
[PlyCount "68"]
[EventDate "2014.04.11"]
[WhiteTeam "SV Bergwinkel"]

1. c4 c6 2. g3 d5 3. Nf3 Nf6 4. Bg2 g6 5. b3 Bg7 6. Bb2 Qb6 7. Qc2 O-O 8. O-O
Na6 9. d3 Qd8 10. Nbd2 Bg4 11. h3 Bxf3 12. Nxf3 Ne8 13. Bxg7 Nxg7 14. a3 Qd6
15. Qb2 Rad8 16. cxd5 Qxd5 17. b4 Qd6 18. Nd2 b6 19. Rfc1 c5 20. Bb7 Nb8 21.
bxc5 bxc5 22. Bg2 f5 23. Rc4 Ne6 24. Rac1 Nd7 25. Nb3 Rb8 26. Qa2 Kg7 27. a4
Rf6 28. a5 f4 29. g4 Ne5 30. Nxc5 Nxc4 31. Ne4 Qe5 32. Nxf6 Qxf6 33. Qxc4 Nd4
34. Bf3 Rb2 1/2-1/2

[Event "32. Erlanger BSGW-Open"]
[Site "Erlangen/Eltersdorf"]
[Date "2014.04.18"]
[Round "5.5"]
[White "Corral, Carlos"]
[Black "Thier, Jürgen"]
[Result "0-1"]
[WhiteElo "1902"]
[BlackElo "2063"]
[PlyCount "54"]
[EventDate "2014.04.11"]
[WhiteTeam "SC Noris-Tarrasch Nürnberg 1873"]
[BlackTeam "SF Heidelberg"]

1. e4 c5 2. Nf3 e6 3. d4 cxd4 4. Nxd4 Nf6 5. Bd3 Nc6 6. Nxc6 dxc6 7. O-O e5 8.
Bg5 Be7 9. Nd2 Ng4 10. Bxe7 Qxe7 11. h3 Nf6 12. Qe2 g5 13. Nc4 g4 14. hxg4 Bxg4
15. f3 Bd7 16. f4 Ng4 17. Nxe5 Nxe5 18. fxe5 Qxe5 19. Qf2 Be6 20. b4 Rg8 21.
Qe3 Rg3 22. Qf4 Qg7 23. Rad1 Rxg2+ 24. Kh1 Rg6 25. Rf2 O-O-O 26. Rh2 Rg8 27.
Qf2 Bg4 0-1

[Event "32. Erlanger BSGW-Open"]
[Site "Erlangen/Eltersdorf"]
[Date "2014.04.18"]
[Round "5.6"]
[White "Hagenbach, Udo"]
[Black "Kirch, Florian"]
[Result "1/2-1/2"]
[WhiteElo "1934"]
[BlackElo "2054"]
[PlyCount "58"]
[EventDate "2014.04.11"]
[WhiteTeam "SV Bergwinkel"]
[BlackTeam "SV Bubenreuth e.V."]

1. c4 Nf6 2. g3 d5 3. cxd5 Nxd5 4. Bg2 c6 5. Nf3 Bg4 6. Ne5 Be6 7. e4 Nb4 8. a3
Nd3+ 9. Nxd3 Qxd3 10. Nc3 Na6 11. Bf1 Qd7 12. d4 Rd8 13. Be3 Nc7 14. h3 g6 15.
Qc2 Bg7 16. O-O-O b5 17. g4 h5 18. Be2 hxg4 19. hxg4 Bxg4 20. Rxh8+ Bxh8 21.
Rh1 Bg7 22. f3 Be6 23. e5 Bf5 24. Qd2 Qe6 25. Qe1 Qb3 26. Bd1 Qc4 27. Rh7 Ne6
28. Be2 Qb3 29. Bd1 Qc4 1/2-1/2

[Event "32. Erlanger BSGW-Open"]
[Site "Erlangen/Eltersdorf"]
[Date "2014.04.18"]
[Round "5.7"]
[White "Martin Fernandez, Rodrigo"]
[Black "Pikal, Alexander"]
[Result "1-0"]
[WhiteElo "2096"]
[BlackElo "1957"]
[PlyCount "90"]
[EventDate "2014.04.11"]
[WhiteTeam "SC Erlangen 48/88 e.V."]
[BlackTeam "SC Ansbach 1855 e.V."]

1. d4 Nf6 2. c4 e6 3. Nc3 Bb4 4. Qc2 c5 5. dxc5 Bxc5 6. Nf3 b6 7. Bf4 O-O 8.
Rd1 Bb7 9. e4 Ng4 10. Bg3 Nc6 11. Be2 Rc8 12. h3 Nf6 13. O-O a6 14. a3 Be7 15.
Rd2 Na5 16. Ne5 Nc6 17. Nxd7 Nxd7 18. Rfd1 Ncb8 19. Bxb8 Rxb8 20. Rxd7 Qe8 21.
e5 Bc6 22. R7d4 f6 23. exf6 Rxf6 24. b4 Qf7 25. Bd3 Rf8 26. Rf1 Rh6 27. Be4 Rh4
28. Rd2 Be8 29. Re2 Qf6 30. Re3 Qh6 31. Bb7 Bg6 32. Qe2 Bh5 33. Qa2 Bf6 34. Ne2
Bg4 35. c5 Bg5 36. Re4 Rxh3 37. gxh3 Qxh3 38. Rxg4 Qxg4+ 39. Bg2 h5 40. f4 Bf6
41. f5 Re8 42. Rf4 Qg5 43. fxe6 bxc5 44. Qd5 Qg6 45. e7+ Kh8 1-0